Vista normal Vista MARC

Entrada Topical Term

Número de registros utilizados en: 1

001 - CONTROL NUMBER

  • control field: 37129

003 - CONTROL NUMBER IDENTIFIER

  • control field: OSt

005 - DATE AND TIME OF LATEST TRANSACTION

  • control field: 20230915232020.0

008 - FIXED-LENGTH DATA ELEMENTS

  • fixed length control field: 230915|| aca||aabn | a|a d

040 ## - CATALOGING SOURCE

  • Original cataloging agency: OSt
  • Transcribing agency: OSt

150 ## - HEADING--TOPICAL TERM

  • Topical term or geographic name entry element: Arquitectura - Historia - Enseñanza secundaria - Libros de texto

670 ## - SOURCE DATA FOUND

  • Source citation: Work cat.: (OSt)32641: Munar Ladino, John Álvaro 37128, Arquitectura natural y humana / , 2010









Instituto Departamental de Cultura del Meta - Red Departamental de Bibliotecas Públicas del Meta.